| 000 | 00900nam a22002537a 4500 | ||
|---|---|---|---|
| 003 | dpl | ||
| 005 | 20180823131541.0 | ||
| 008 | 180823b xxu||||| |||| 00| 0 eng d | ||
| 010 | _aA-977614 | ||
| 020 | _c00.00 | ||
| 035 | _aA-977614, A-977617 | ||
| 037 | _bCen Lib/Ret | ||
| 040 |
_aDPL _bEN _c0 |
||
| 082 |
_a026 _bLIB |
||
| 245 |
_aLibrary and information networking : _cedited by H. K. Kaul _bNACLIN 99 : papers of the National Convention on Library and Information Networking (NACLIN 99), October 11-14, 1999 / |
||
| 260 |
_aNew Delhi _bDelhi Library Network _c2000 |
||
| 270 |
_a40 Max Mueller Marg. Lodhi Estate _bNew Delhi _e110003 |
||
| 300 |
_a340p. _c22cm(Hb) |
||
| 500 | _aIncludes index | ||
| 650 |
_aLibrary information networks _9107325 |
||
| 650 |
_aElectronic information resources _939947 |
||
| 700 |
_a Kaul, H. K _9107326 |
||
| 942 |
_2ddc _cEN _h026 _mLIB |
||
| 999 |
_c134154 _d134154 |
||